| 000 | 00766nam a2200253 a 4500 | ||
|---|---|---|---|
| 001 | BRL_1080 | ||
| 005 | 20190320211027.0 | ||
| 008 | 081113s1987----u--o######---#000-0#eng-# | ||
| 020 | _a087982512X | ||
| 041 | _aeng | ||
| 044 | _au | ||
| 050 | 4 |
_aTT28 _b.H37 1987 |
|
| 100 | 1 |
_aHarvey, Marian _925760 |
|
| 245 | 1 | 0 |
_aMexican crafts and craftspeople _cMarian Harvey ; photographs by Ken Harvey. |
| 260 |
_aPhiladelphia _bArt Alliance Press _c1987 |
||
| 300 |
_a213 p. _bil. algunas a color., mapas _c29 cm. |
||
| 500 | _aAu1217 | ||
| 500 | _aIncluye una carta con reseña del libro firmada por la autora. | ||
| 650 | 1 | 4 |
_aArtesanías _zMéxico _93976 |
| 650 | 1 | 4 |
_aArtesanos _zMéxico _9426 |
| 700 | 1 |
_aHarvey, Ken _eil. _925761 |
|
| 902 | _aGRL | ||
| 942 |
_2lcc _cB |
||
| 999 |
_c9892 _d9892 |
||